000
00274nam a22001217a 4500
008
170223b xxu||||| |||| 00| 0 eng d
041
_a
eng
080
_a
6161 31
100
_a
5
101
_a
SHS
245
_a
THE DENTAL CLINICS NORTH AMERICA
_c
GREEN .E.J
942
_2
udc
_c
BK
999
_c
6167
_d
6167